| 000 | 00563nam a2200133Ia 4500 | ||
|---|---|---|---|
| 008 | 171207s9999 xx 000 0 und d | ||
| 100 | _aPalmer, Matthew A. | ||
| 245 | _aUndermining position effects in choices from arrays, with implications for police lineups. | ||
| 245 | _cPalmer, Matthew A.; Sauer, James D.; Holt, Glenys A. | ||
| 260 | _c2017 | ||
| 300 | _apages 71-84, March 2017 | ||
| 440 |
_aJournal of Experimental Psychology: Applied _v23:1 |
||
| 650 | _aCHOICE UNDER UNCERTAINTY, EDGE-AVERSION, EYEWITNESS IDENTIFICATION, POSITION EFFECTS, VISUAL ARRAY | ||
| 999 |
_c347458 _d347458 |
||